| 000 | 00865nam a22001817a 4500 | ||
|---|---|---|---|
| 005 | 20120326152210.0 | ||
| 020 |
_c70.00 _a8173271275 |
||
| 035 | _aB-155929 | ||
| 037 |
_b _adpl |
||
| 082 | _a310 | ||
| 100 |
_aब्यौहार, ब्रजकिशोर _944322 |
||
| 245 |
_aसरल सांख्यिकीय सिद्धान्त एवं उनके उपयोग / _cब्रजकिशोर ब्यौहार |
||
| 260 |
_aभोपाल _bमध्यप्रदेश हिन्दी ग्रन्थ अकादमी _c2006 |
||
| 270 |
_a _b _e _k |
||
| 300 |
_a276पृ. _c22सेमी (अजिल्द) |
||
| 942 |
_adpl _cHN _k _2ddc _h310 _mब्यौहार |
||
| 999 |
_c64400 _d64400 |
||